000
00200 a2200097 4500
001
19303
100
_a
Kaufmann, W
245
_a
fluid mechanics
260
_a
_b
MC Graw Hill
_c
090
_c
14178
_d
14178
942
_a
NUST-CAE
_c
M
_c
4645
999
_c
254376
_d
254376